000
00340nam a22001457a 4500
008
210531b ||||| |||| 00| 0 eng d
020
_a
9780471346098
041
_a
eng
080
_2
2nd
_a
004
082
_a
004
100
_a
28
101
_a
SHKI
245
_a
Computing Concepts with Java 2 Essentials
_c
Cay Horstmann
942
_2
udc
_c
BK
999
_c
57872
_d
57872